Распоряжение ГКО СССР № 2738 о возвращении в Москву эвакуированного треста ОргРЭС Наркомата электростанций, с приложением доклад...

RUSMARC
00005575cbm0a2200349#x 450
0013a3a9f72-4215-4ac5-84e3-f431eb6f5f57
00520240819144754.0
100##$a20240813j19430113k###0rusy50 ca
1010#$arus
102##$aRU
105##$ay###z########
1220#$ad19430113##
2001#$aРаспоряжение ГКО СССР № 2738 о возвращении в Москву эвакуированного треста ОргРЭС Наркомата электростанций, с приложением докладной записки Жимерина Д. Г. Маленкову Г. М.
$j13 января 1943 г.
251##$cДокумент
300##$aРассылочный и подлинный экземпляры
461#0$12001
$aФ. 644
$1251
$cФонд
$1852
$j644
462#0$12001
$aОп. 1
$1251
$cОпись
$1852
$j1
60101$2nlr_sh
$3RU\NLR\AUTH\661357733
$aСССР
$bГосударственный Комитет Обороны
$xИстория
$jДокументы и материалы
60101$2nlr_sh
$3RU\NLR\AUTH\6601612183
$aОРГРЭС, трест
$cМосква, город
$xИстория
$jДокументы и материалы
605##$2prlib_sh
$3LIBNET\UAF\0000088514
$aВторая мировая война в архивных документах (Комплекс оцифрованных архивных документов, кино- и фотоматериалов)
$lколлекция
605##$2acquisition_Prlib
$3DITM\AF\0000002775
$aВласть
$lколлекция
6061#$2nlr_sh
$3RU\NLR\AUTH\661280795
$aВеликая Отечественная война
$z1941 - 1945
$xТыл(воен.)
$jДокументы и материалы
6061#$2prlib_sh
$3LIBNET\UAF\0000111015
$aВоенная промышленность
$xИстория
$yСССР
$z1941 - 1945
$jДокументы и материалы
686##$a63.3(2)622-3ю11
$vLBC/M
$2rubbk
686##$a63.3(2)622,12ю1
$2rubbk
$vLBC/M
686##$a65.305.04ю1
$vLBC/M
$2rubbk
686##$a68.72ю1
$vLBC/M
$2rubbk
801#0$aRU
$bПБ им. Б.Н. Ельцина
$c20240813
801#1$aRU
$bПБ им. Б.Н. Ельцина
$c20240813
$2rusmarc
801#2$aRU
$bПБ им. Б.Н. Ельцина
$c20240819
$2rusmarc
850##$aРоссийский государственный архив социально-политической истории
852##$aРГАСПИ
$jД. 81. Л. 198; Оп. 2. Д. 125. Л. 198-199
035##$aLIBNET\0001416201
937##$d193520642
$hФедеральное архивное агентство
8564#$uhttp://readingroom.main.prlib.ru/item.aspx?id_node=n193520642&mode=full
Формат отображения